Sports Quiz

Random Sports or WWE Quiz

First WrestleMania Opponent Quiz Stats

 Plays Quiz Updated Apr 1, 2016

Challenge
Share
Tweet
Embed
Score 0/32 Timer 06:00
2 Plays Today
Wrestler Opponent % Correct
Alberto Del RioEdge
74.3%
Bray WyattJohn Cena
73.3%
KaneThe Undertaker
70.6%
Daniel BryanSheamus
67.2%
Hulk HoganRoddy Piper & Paul Orndorff
63.3%
John CenaBig Show
61.6%
Andre the GiantBig John Studd
61.5%
Mickie JamesTrish Stratus
61.4%
RusevJohn Cena
60.4%
The UndertakerJimmy Snuka
59.5%
DieselShawn Michaels
57.7%
YokozunaBret Hart
57.7%
Ric FlairRandy Savage
52.2%
Triple HThe Ultimate Warrior
50.9%
Chris JerichoKurt Angle, Chris Benoit
50.8%
SheamusTriple H
49.9%
Wrestler Opponent % Correct
Sgt. SlaughterHulk Hogan
48%
Ken ShamrockThe Rock
43.5%
Savio VegaSteve Austin
36.7%
Rey MysterioMatt Hardy
34.2%
The RockThe Sultan (Rikishi)
33.9%
Rob Van DamWilliam Regal
31.4%
Mr. PerfectThe Blue Blazer (Owen Hart)
28.5%
Bob BacklundRazor Ramon
27%
The British BulldogsThe Dream Team
26.1%
DemolitionStrike Force
21.9%
Greg ValentineJunkyard Dog
21.2%
The RockersThe Twin Towers
20.6%
Honky Tonk ManJake Roberts
20.6%
Ted DiBiase (Sr.)Jim Duggan
16.4%
Jimmy SnukaRick Rude
14.1%
Hercules HernandezRicky Steamboat
12.8%

You're not logged in!

Compare scores with friends on all Sporcle quizzes.
Join for Free
OR
Log In

You Might Also Like...

Show Comments

Extras

Top Quizzes Today


Score Distribution

Your Account Isn't Verified!

In order to create a playlist on Sporcle, you need to verify the email address you used during registration. Go to your Sporcle Settings to finish the process.

Report this User

Report this user for behavior that violates our Community Guidelines.

Details: